| 000 | 00553cam a2200181 4500 | ||
|---|---|---|---|
| 001 | D6931 | ||
| 008 | 090401t1978 xxu||||| |||| 00| 0 eng d | ||
| 035 | _a(Sirsi) u3990 | ||
| 041 | _aeng | ||
| 050 | _a333.332 | ||
| 110 |
_aMalaysia Ministry of Finance Valuation Division _9389 |
||
| 245 | _aReport on first conference of heads of Commonwealth Valuation Departments 10-15th October 1977 | ||
| 260 |
_aKuala Lumpur _bThe Ministry of Finance Valuation Divisi _c1978 |
||
| 300 | _axiii. 169p. 27cm | ||
| 350 | _a0 | ||
| 942 | _n0 | ||
| 948 | _c04/03/1997 | ||
| 999 |
_c85981 _d85981 |
||